[Event "Terre degli Elimi op 5th"]
[Site "Erice"]
[Date "2014.07.22"]
[Round "5"]
[White "Messina, Damiano"]
[Black "Valguarnera, Girolamo"]
[Result "0-1"]
[WhiteElo "1857"]
[BlackElo "2090"]
[PlyCount "137"]
[EventDate "2014.07.19"]
[EventType "swiss"]
[EventRounds "9"]
[EventCountry "ITA"]
[SourceTitle "CBM 161 Extra"]
[Source "ChessBase"]
[SourceDate "2014.08.29"]
[SourceVersion "1"]
[SourceVersionDate "2014.08.29"]
[SourceQuality "1"]

1. c4 e5 2. Nc3 Nf6 3. g3 Bc5 4. Bg2 a6 5. Nf3 Nc6 6. 0-0 d6 7. d3 Ba7 8. Rb1 0-0 9. b4 Nd4 10. e3 Ne6 11. a4 Re8 12. Qc2 Nf8 13. Bd2 Bd7 14. b5 a5 15. Ne1 Qc8 16. Nd5 Nxd5 17. cxd5 Bb6 18. e4 Bh3 19. Be3 Bxg2 20. Nxg2 Nd7 21. Rbc1 Bc5 22. Bxc5 Nxc5 23. Ne3 Qd8 24. Nc4 b6 25. f4 exf4 26. Rxf4 Re7 27. Rcf1 Nd7 28. Ne3 Ne5 29. Nf5 Re8 30. d4 Ng6 31. R4f3 Rc8 32. h4 Nf8 33. g4 Qf6 34. g5 Qg6 35. Rg3 Qh5 36. Rf4 Ng6 37. Rfg4 Ne7 38. Ne3 Qg6 39. Ng2 Nxd5 40. Qc4 Ne7 41. d5 f5 42. gxf6 Qxf6 43. Nf4 Rf8 44. Rxg7+ Kh8 45. R7g4 Rf7 46. Qe2 Qd4+ 47. Kh2 Rcf8 48. Qd3 Qe5 49. Ne6 Rf3 50. Qd4 Qxd4 51. Nxd4 Rf2+ 52. Rg2 Rxg2+ 53. Kxg2 Ng6 54. Ne6 Rf7 55. h5 Ne5 56. Rg3 Nd7 57. Nxc7 Nc5 58. Ne6 Nxe4 59. Re3 Nf6 60. Rc3 h6 61. Rc6 Nxd5 62. Rxd6 Rf5 63. Rd8+ Kh7 64. Rd7+ Kg8 65. Kg3 Rxh5 66. Rd6 Kf7 67. Nd4 Ke7 68. Rxh6 Rxh6 69. Nf5+ 0-1

[Event "Terre degli Elimi op 4th"]
[Site "Erice"]
[Date "2013.07.28"]
[Round "7"]
[White "Messina, Damiano"]
[Black "La Franca, Vincenzo"]
[Result "1-0"]
[WhiteElo "1908"]
[BlackElo "1656"]
[PlyCount "103"]
[EventDate "2013.07.24"]
[EventType "swiss"]
[EventRounds "7"]
[EventCountry "ITA"]
[SourceTitle "EXT 2015"]
[Source "ChessBase"]
[SourceDate "2014.11.20"]
[SourceVersion "1"]
[SourceVersionDate "2014.11.20"]
[SourceQuality "1"]

1. c4 c5 2. Nc3 Nc6 3. g3 g6 4. Bg2 Bg7 5. Nf3 e6 6. 0-0 Nge7 7. e3 d6 8. a3 0-0 9. Qc2 Rb8 10. Rb1 b6 11. b4 cxb4 12. axb4 Bb7 13. d4 f5 14. Rd1 Qc8 15. Qb3 Kh8 16. Bb2 Nd8 17. Nb5 d5 18. Nd6 Qc7 19. c5 Ba8 20. Bc3 Qd7 21. Qa3 Nf7 22. Nxf7+ Rxf7 23. Ng5 Rff8 24. Ra1 Nc8 25. Bf1 h6 26. Nf3 g5 27. b5 bxc5 28. dxc5 Kh7 29. Qb2 Qe7 30. Bxg7 Qxg7 31. Qxg7+ Kxg7 32. Ne5 Rb7 33. Ra6 Re7 34. Rda1 Kf6 35. f4 gxf4 36. gxf4 Rg8+ 37. Kf2 Reg7 38. b6 Rd8 39. bxa7 d4 40. c6 dxe3+ 41. Kxe3 Rd6 42. Nd7+ Ke7 43. Nb6 Nxb6 44. Rxb6 Rg8 45. Rb8 Rdd8 46. c7 Rdf8 47. Ba6 Kd7 48. Rxf8 Rxf8 49. c8Q+ Rxc8 50. Bxc8+ Kxc8 51. Rb1 Bd5 52. Rb8+ 1-0

[Event "Terre degli Elimi op 4th"]
[Site "Erice"]
[Date "2013.07.27"]
[Round "5"]
[White "Messina, Damiano"]
[Black "Spinella, Andrea"]
[Result "0-1"]
[WhiteElo "1908"]
[BlackElo "1808"]
[PlyCount "54"]
[EventDate "2013.07.24"]
[EventType "swiss"]
[EventRounds "7"]
[EventCountry "ITA"]
[SourceTitle "EXT 2015"]
[Source "ChessBase"]
[SourceDate "2014.11.20"]
[SourceVersion "1"]
[SourceVersionDate "2014.11.20"]
[SourceQuality "1"]

1. c4 e5 2. Nc3 f5 3. g3 Nf6 4. Bg2 g6 5. d3 Bg7 6. Nf3 d6 7. 0-0 0-0 8. Rb1 h6 9. Bd2 a6 10. b4 Qe8 11. h4 Nh5 12. Nd5 Qd8 13. Qb3 c6 14. Nb6 Ra7 15. Be3 Be6 16. Nd5 cxd5 17. Bxa7 d4 18. Bxb8 Qxb8 19. Nd2 Bf6 20. b5 Qd8 21. bxa6 bxa6 22. Qb6 Qe7 23. Qxa6 Bxh4 24. gxh4 Nf4 25. e3 Ne2+ 26. Kh2 Qxh4+ 27. Bh3 f4 0-1

[Event "Terre degli Elimi op 4th"]
[Site "Erice"]
[Date "2013.07.25"]
[Round "3"]
[White "Messina, Damiano"]
[Black "Aceto, Andrea"]
[Result "1-0"]
[WhiteElo "1908"]
[BlackElo "1569"]
[PlyCount "49"]
[EventDate "2013.07.24"]
[EventType "swiss"]
[EventRounds "7"]
[EventCountry "ITA"]
[SourceTitle "EXT 2015"]
[Source "ChessBase"]
[SourceDate "2014.11.20"]
[SourceVersion "1"]
[SourceVersionDate "2014.11.20"]
[SourceQuality "1"]

1. c4 Nf6 2. g3 Nc6 3. Bg2 e5 4. Nc3 Bc5 5. Nf3 d6 6. 0-0 0-0 7. d3 Bd7 8. Na4 Bb6 9. a3 Qc8 10. Re1 Nd4 11. Nxb6 Nxf3+ 12. Bxf3 axb6 13. Bg5 Ne8 14. Be7 f5 15. Bxf8 Kxf8 16. e3 g5 17. Bg2 Nf6 18. Qd2 Qe8 19. f4 h6 20. Bxb7 Rb8 21. Bg2 Qh5 22. Qe2 Qg6 23. fxe5 dxe5 24. Rf1 Re8 25. Rf2 1-0

[Event "Terre degli Elimi op 3rd"]
[Site "Erice"]
[Date "2012.07.28"]
[Round "5"]
[White "Messina, Damiano"]
[Black "Ljubisavljevic, Zivojin Z"]
[Result "0-1"]
[WhiteElo "1952"]
[BlackElo "2247"]
[PlyCount "68"]
[EventDate "2012.07.25"]
[EventType "swiss"]
[EventRounds "7"]
[EventCountry "ITA"]
[SourceTitle "EXT 2013"]
[Source "ChessBase"]
[SourceDate "2012.11.22"]
[SourceVersion "1"]
[SourceVersionDate "2012.11.22"]
[SourceQuality "1"]

1. d4 Nf6 2. c4 c5 3. e3 cxd4 4. exd4 g6 5. Nc3 Bg7 6. Nf3 0-0 7. Be2 d5 8. 0-0 dxc4 9. Ne5 Be6 10. Nxc4 Nc6 11. Be3 Nd5 12. Nxd5 Qxd5 13. Re1 Nxd4 14. Bxd4 Qxd4 15. Qxd4 Bxd4 16. Bf3 Rac8 17. b3 b6 18. Red1 Rfd8 19. Kf1 h5 20. h3 Kg7 21. Ke2 Bf5 22. g4 hxg4 23. hxg4 Be6 24. Ne3 Bxe3 25. Kxe3 Rxd1 26. Rxd1 Rc2 27. Rd2 Rxd2 28. Kxd2 Kf6 29. Be2 Kg5 30. f3 Kf4 31. Kc3 Bd5 32. Bc4 Bxc4 33. Kxc4 Kxf3 34. Kd5 Kxg4 0-1

[Event "Terre degli Elimi op 3rd"]
[Site "Erice"]
[Date "2012.07.26"]
[Round "2"]
[White "Guramishvili, Sopiko"]
[Black "Messina, Damiano"]
[Result "1-0"]
[WhiteElo "2418"]
[BlackElo "1952"]
[PlyCount "71"]
[EventDate "2012.07.25"]
[EventType "swiss"]
[EventRounds "7"]
[EventCountry "ITA"]
[SourceTitle "EXT 2013"]
[Source "ChessBase"]
[SourceDate "2012.11.22"]
[SourceVersion "1"]
[SourceVersionDate "2012.11.22"]
[SourceQuality "1"]

1. Nf3 Nf6 2. c4 c5 3. g3 g6 4. Bg2 Bg7 5. Nc3 Nc6 6. 0-0 0-0 7. d4 cxd4 8. Nxd4 a6 9. Nc2 d6 10. e4 Be6 11. Ne3 Rc8 12. Bd2 Ne5 13. b3 Qd7 14. f4 Neg4 15. Ned5 Bxd5 16. cxd5 Ne8 17. Qf3 b5 18. Rac1 Bd4+ 19. Kh1 b4 20. Ne2 Rxc1 21. Bxc1 Bc5 22. h3 Ngf6 23. e5 Nh5 24. Bb2 Nc7 25. g4 Ng7 26. Ng3 Nb5 27. Ne4 Bd4 28. Bxd4 Nxd4 29. Qd3 dxe5 30. fxe5 Qa7 31. Qd2 a5 32. Qh6 f6 33. d6 fxe5 34. Ng5 Rxf1+ 35. Bxf1 exd6 36. Qxh7+ 1-0

[Event "Terrasini Mediterranean op 3rd"]
[Site "Terrasini"]
[Date "2012.06.28"]
[Round "7"]
[White "Meijers, Viesturs"]
[Black "Messina, Damiano"]
[Result "1-0"]
[WhiteElo "2485"]
[BlackElo "1939"]
[PlyCount "135"]
[EventDate "2012.06.24"]
[EventType "swiss"]
[EventRounds "9"]
[EventCountry "ITA"]
[SourceTitle "CBM 149 Extra"]
[Source "ChessBase"]
[SourceDate "2012.08.24"]
[SourceVersion "1"]
[SourceVersionDate "2012.08.24"]
[SourceQuality "1"]

1. Nf3 Nf6 2. c4 g6 3. b3 Bg7 4. Bb2 0-0 5. g3 b6 6. Bg2 Bb7 7. 0-0 d6 8. d4 Nbd7 9. Qc2 e6 10. Nc3 Qe7 11. Rfd1 Rfe8 12. b4 a5 13. a3 c5 14. dxc5 dxc5 15. b5 Rad8 16. Na4 Be4 17. Qb3 Ba8 18. Ne1 Bxg2 19. Nxg2 Nh5 20. Ne3 f5 21. Ng2 Nhf6 22. Rd3 Ng4 23. Bxg7 Kxg7 24. Qc3+ Kg8 25. h3 Nge5 26. Rd2 Nf7 27. h4 Nd6 28. f3 Nc8 29. Rad1 Nf6 30. Nf4 Kf7 31. Nb2 h6 32. Nbd3 Nd7 33. Ne5+ Nxe5 34. Qxe5 Rxd2 35. Rxd2 g5 36. hxg5 hxg5 37. Nh5 Rg8 38. g4 f4 39. Kf2 Rg6 40. Ke1 Rg8 41. Rd3 Rg6 42. Kd2 Rg8 43. Kc3 Rg6 44. a4 Rg8 45. Rd1 Rg6 46. Qh8 Rg8 47. Qh7+ Kf8 48. Qe4 Kf7 49. Qh7+ Kf8 50. Rd7 Qxh7 51. Rxh7 Rg6 52. Rc7 Ne7 53. Kd3 e5 54. Ke4 Kf7 55. Rd7 Ke6 56. Rb7 Kf7 57. Ng7 Rxg7 58. Rxb6 Rg6 59. Rxg6 Kxg6 60. Kxe5 Nc8 61. Kd5 Nb6+ 62. Kxc5 Nxa4+ 63. Kc6 Nb6 64. Kxb6 a4 65. c5 a3 66. c6 a2 67. c7 a1Q 68. c8Q 1-0

[Event "Trapani Province-ch"]
[Site "Erice"]
[Date "2012.01.29"]
[Round "6"]
[White "Melograni, Francesco"]
[Black "Messina, Damiano"]
[Result "1-0"]
[WhiteElo "1890"]
[BlackElo "1931"]
[PlyCount "115"]
[EventDate "2012.01.15"]
[EventType "swiss"]
[EventRounds "6"]
[EventCountry "ITA"]
[SourceTitle "EXT 2024"]
[Source "ChessBase"]
[SourceDate "2023.10.10"]
[SourceVersion "1"]
[SourceVersionDate "2023.10.10"]
[SourceQuality "1"]

1. e4 e6 2. d4 d5 3. exd5 exd5 4. Nf3 Bd6 5. Bd3 Ne7 6. 0-0 0-0 7. c3 Bf5 8. Re1 Bxd3 9. Qxd3 Ng6 10. Nbd2 Nd7 11. Nf1 c6 12. Bd2 Nf6 13. Ne5 Ne4 14. Nxg6 fxg6 15. Re2 Qh4 16. Be1 Qf6 17. f3 Qf7 18. Bh4 Nf6 19. Rae1 Rae8 20. a4 Rxe2 21. Rxe2 Re8 22. Rxe8+ Qxe8 23. Qe3 Qxe3+ 24. Nxe3 Bf4 25. Kf2 Kf7 26. Bg3 Nh5 27. Bxf4 Nxf4 28. Nd1 g5 29. g3 Ng6 30. a5 Ke6 31. Ke3 h5 32. Nf2 Ne7 33. g4 g6 34. Nd3 b6 35. axb6 axb6 36. Ne5 c5 37. h3 c4 38. Kd2 b5 39. Kc2 Kf6 40. b3 Nc8 41. bxc4 bxc4 42. Kb2 hxg4 43. hxg4 Nd6 44. Ka3 Ke6 45. Nxg6 Nf7 46. Kb4 Kf6 47. Nf8 Ke7 48. Nh7 Kd6 49. Kb5 Kd7 50. Kc5 Ke6 51. Kc6 Nd8+ 52. Kc7 Nf7 53. Nf8+ Ke7 54. Nd7 Nd8 55. Nb6 Ne6+ 56. Kc6 Nxd4+ 57. cxd4 Ke6 58. Nxd5 1-0

[Event "Trapani Province-ch"]
[Site "Erice"]
[Date "2011.02.12"]
[Round "1"]
[White "Arini, Mario"]
[Black "Messina, Damiano"]
[Result "0-1"]
[WhiteElo "1594"]
[BlackElo "1961"]
[PlyCount "96"]
[EventDate "2011.02.12"]
[EventType "swiss"]
[EventRounds "6"]
[EventCountry "ITA"]
[SourceTitle "EXT 2024"]
[Source "ChessBase"]
[SourceDate "2023.10.10"]
[SourceVersion "1"]
[SourceVersionDate "2023.10.10"]
[SourceQuality "1"]

1. Nf3 d5 2. g3 Nf6 3. Bg2 h6 4. 0-0 Bf5 5. d3 c5 6. Nbd2 Nc6 7. c3 e6 8. Re1 Bh7 9. h3 Be7 10. Nh2 e5 11. e4 d4 12. cxd4 Nxd4 13. Ndf3 Nxf3+ 14. Nxf3 Qd6 15. b3 Rd8 16. Bb2 Nd7 17. Nh2 0-0 18. Ng4 Bg6 19. Ne3 Qe6 20. Nd5 f6 21. Rc1 b6 22. Qc2 Nb8 23. Qc4 Bf7 24. Kh2 Qd6 25. Ba3 Nc6 26. h4 Rfe8 27. Rb1 Rc8 28. Rec1 a5 29. Qb5 Rb8 30. f3 Nd4 31. Qc4 Bf8 32. Bb2 b5 33. Qc3 Ne2 34. Qxa5 Nxc1 35. Rxc1 Bxd5 36. exd5 Qxd5 37. Qc3 Red8 38. Rd1 b4 39. Qc2 Qd6 40. Re1 Qxd3 41. Qf2 Qa6 42. Ra1 Rd7 43. Bh3 Rd6 44. Qc2 Rbd8 45. Bc1 Qd3 46. Qf2 Qc3 47. Rb1 R8d7 48. Bxd7 Rxd7 0-1

[Event "Trapani Province-ch"]
[Site "Erice"]
[Date "2011.02.12"]
[Round "2"]
[White "Messina, Damiano"]
[Black "Piazza, Dario"]
[Result "1/2-1/2"]
[WhiteElo "1961"]
[BlackElo "1716"]
[PlyCount "56"]
[EventDate "2011.02.12"]
[EventType "swiss"]
[EventRounds "6"]
[EventCountry "ITA"]
[SourceTitle "EXT 2024"]
[Source "ChessBase"]
[SourceDate "2023.10.10"]
[SourceVersion "1"]
[SourceVersionDate "2023.10.10"]
[SourceQuality "1"]

1. e4 d6 2. d4 Nf6 3. Nc3 c6 4. Nf3 Bg4 5. Be2 e6 6. Be3 d5 7. e5 Nfd7 8. Nb1 Na6 9. c3 Nc7 10. a4 Be7 11. Na3 0-0 12. b4 a6 13. h3 Bf5 14. Bd3 Bxd3 15. Qxd3 b5 16. a5 f6 17. exf6 Bxf6 18. 0-0 e5 19. dxe5 Nxe5 20. Nxe5 Bxe5 21. Bc5 Rf7 22. Rae1 Qf6 23. Re3 Ne6 24. Rf3 Nxc5 25. bxc5 Qe7 26. Rxf7 Qxf7 27. Nc2 Bc7 28. Nd4 Qd7 1/2-1/2

[Event "Nicolo La Rosa op 18th"]
[Site "Mazara del Vallo"]
[Date "2010.08.22"]
[Round "8"]
[White "Messina, Damiano"]
[Black "Isonzo, Davide"]
[Result "0-1"]
[WhiteElo "2001"]
[BlackElo "2357"]
[PlyCount "62"]
[EventDate "2010.08.18"]
[EventType "swiss"]
[EventRounds "9"]
[EventCountry "ITA"]
[SourceTitle "EXT 2024"]
[Source "ChessBase"]
[SourceDate "2023.10.10"]
[SourceVersion "1"]
[SourceVersionDate "2023.10.10"]
[SourceQuality "1"]

1. e4 c5 2. Nf3 d6 3. d4 cxd4 4. Nxd4 Nf6 5. Nc3 a6 6. Be2 e5 7. Nb3 Be7 8. Be3 Be6 9. 0-0 0-0 10. f4 Qc7 11. f5 Bc4 12. Nd2 Bxe2 13. Qxe2 Nbd7 14. g4 d5 15. g5 d4 16. gxf6 Nxf6 17. Kh1 dxc3 18. bxc3 Qxc3 19. Rg1 Kh8 20. Rab1 b5 21. Rgc1 Rfd8 22. Rb3 Qc6 23. Qf3 Rac8 24. c4 Rd7 25. c5 Rcd8 26. Rc2 h6 27. a4 Rd3 28. axb5 axb5 29. Rxd3 Rxd3 30. Kg1 b4 31. Qe2 Rc3 0-1

[Event "Nicolo La Rosa op 18th"]
[Site "Mazara del Vallo"]
[Date "2010.08.21"]
[Round "7"]
[White "Messina, Damiano"]
[Black "Speciale, Francesco"]
[Result "1-0"]
[WhiteElo "2001"]
[BlackElo "1893"]
[PlyCount "93"]
[EventDate "2010.08.18"]
[EventType "swiss"]
[EventRounds "9"]
[EventCountry "ITA"]
[SourceTitle "EXT 2024"]
[Source "ChessBase"]
[SourceDate "2023.10.10"]
[SourceVersion "1"]
[SourceVersionDate "2023.10.10"]
[SourceQuality "1"]

1. e4 g6 2. d4 Bg7 3. Nf3 c5 4. Nc3 cxd4 5. Nxd4 a6 6. Be3 d6 7. Be2 Nc6 8. 0-0 Bd7 9. Nd5 Rc8 10. Nb3 e6 11. Nb6 Rb8 12. Qxd6 Be5 13. Qd2 Bc7 14. Qxd7+ Qxd7 15. Nxd7 Kxd7 16. Rad1+ Ke8 17. f4 Nge7 18. Nd4 Rg8 19. Nxc6 Nxc6 20. c4 Rd8 21. Rxd8+ Bxd8 22. Rf3 Kf8 23. Bc5+ Kg7 24. Rd3 Bc7 25. g3 Rd8 26. Rxd8 Bxd8 27. e5 f6 28. Bd6 Bb6+ 29. c5 Bd8 30. Bf3 fxe5 31. Bxc6 bxc6 32. Bxe5+ Kf7 33. Kf1 Ke8 34. Ke2 Kd7 35. Kd3 h6 36. Kc4 Kc8 37. g4 Kb7 38. b4 Be7 39. a4 Bh4 40. b5 axb5+ 41. axb5 h5 42. gxh5 gxh5 43. b6 Bf2 44. Bd6 h4 45. h3 Be3 46. Kd3 Bf2 47. Ke4 1-0

[Event "Nicolo La Rosa op 18th"]
[Site "Mazara del Vallo"]
[Date "2010.08.20"]
[Round "5"]
[White "Messina, Damiano"]
[Black "Cerami, Giuseppe"]
[Result "1-0"]
[WhiteElo "2001"]
[BlackElo "1631"]
[PlyCount "99"]
[EventDate "2010.08.18"]
[EventType "swiss"]
[EventRounds "9"]
[EventCountry "ITA"]
[SourceTitle "EXT 2024"]
[Source "ChessBase"]
[SourceDate "2023.10.10"]
[SourceVersion "1"]
[SourceVersionDate "2023.10.10"]
[SourceQuality "1"]

1. e4 e6 2. d4 d5 3. Nd2 Nf6 4. e5 Nfd7 5. Bd3 c5 6. c3 Nc6 7. Ne2 Qb6 8. Nf3 f6 9. exf6 Nxf6 10. 0-0 Bd6 11. dxc5 Bxc5 12. b4 Bd6 13. b5 Ne5 14. Nxe5 Bxe5 15. Bf4 Bxf4 16. Nxf4 0-0 17. Nh5 e5 18. Nxf6+ Qxf6 19. f3 Be6 20. Rc1 Rfc8 21. Qd2 Rc7 22. Rfe1 Rac8 23. a4 d4 24. cxd4 exd4 25. Rxc7 Rxc7 26. Qe2 Re7 27. Qc2 g6 28. Qc5 b6 29. Qd6 Kf7 30. Re4 Rd7 31. Qc6 Re7 32. Qd6 Rd7 33. Qb8 Qd8 34. Rf4+ Kg8 35. Qe5 Qe7 36. Rxd4 Rxd4 37. Qxd4 Qc5 38. Qxc5 bxc5 39. Kf2 c4 40. Bc2 Kf7 41. Ke3 Ke7 42. Kd4 Kd6 43. Bd1 c3 44. Kxc3 Kc5 45. Be2 Bd7 46. f4 a6 47. bxa6 Bxa4 48. Bc4 Kb6 49. g4 Be8 50. g5 1-0

[Event "Nicolo La Rosa op 18th"]
[Site "Mazara del Vallo"]
[Date "2010.08.19"]
[Round "4"]
[White "Campo, Renato"]
[Black "Messina, Damiano"]
[Result "1-0"]
[WhiteElo "2002"]
[BlackElo "2001"]
[PlyCount "103"]
[EventDate "2010.08.18"]
[EventType "swiss"]
[EventRounds "9"]
[EventCountry "ITA"]
[SourceTitle "EXT 2024"]
[Source "ChessBase"]
[SourceDate "2023.10.10"]
[SourceVersion "1"]
[SourceVersionDate "2023.10.10"]
[SourceQuality "1"]

1. e4 c5 2. Na3 Nc6 3. Bb5 Qc7 4. d3 g6 5. c3 Bg7 6. f4 d6 7. Nf3 Bd7 8. Ba4 a6 9. Nc2 Nf6 10. 0-0 0-0 11. Qe1 b5 12. Bb3 a5 13. Ne3 a4 14. Bc2 e6 15. a3 Nh5 16. f5 Ne5 17. g4 Nf4 18. Nxe5 dxe5 19. Ng2 g5 20. Be3 h6 21. Kh1 Rac8 22. Rc1 Rfd8 23. d4 c4 24. Rd1 Bc6 25. Bxf4 exf4 26. Rd2 exf5 27. gxf5 f6 28. Qd1 Be8 29. h4 Qf7 30. Qe1 Qc7 31. Bd1 Bf7 32. Bf3 Re8 33. hxg5 hxg5 34. Qd1 Rcd8 35. Re1 Qd7 36. Kg1 Kh7 37. Kf2 Rh8 38. Bg4 Qe8 39. Qf3 Kg8 40. Rde2 Qc6 41. Rg1 Rh2 42. Kf1 Rh8 43. Ne1 Qe8 44. Nc2 Bf8 45. Rh1 Rxh1+ 46. Qxh1 Rd7 47. Bf3 Qd8 48. d5 Bc5 49. Rh2 Kf8 50. e5 fxe5 51. Re2 Bg8 52. Qh6+ 1-0

[Event "Nicolo La Rosa op 18th"]
[Site "Mazara del Vallo"]
[Date "2010.08.19"]
[Round "3"]
[White "Messina, Damiano"]
[Black "Bifulco, Michel"]
[Result "1/2-1/2"]
[WhiteElo "2001"]
[BlackElo "1952"]
[PlyCount "86"]
[EventDate "2010.08.18"]
[EventType "swiss"]
[EventRounds "9"]
[EventCountry "ITA"]
[SourceTitle "EXT 2024"]
[Source "ChessBase"]
[SourceDate "2023.10.10"]
[SourceVersion "1"]
[SourceVersionDate "2023.10.10"]
[SourceQuality "1"]

1. e4 c5 2. Nf3 d6 3. d4 cxd4 4. Nxd4 Nf6 5. Nc3 g6 6. Bc4 Bg7 7. Bb3 0-0 8. f3 Nc6 9. Be3 Bd7 10. Qd2 Qa5 11. 0-0-0 Rfc8 12. Kb1 Ne5 13. Nd5 Qxd2 14. Rxd2 Nxd5 15. Bxd5 Nc4 16. Bxc4 Rxc4 17. Ne2 Be6 18. b3 Rcc8 19. Bd4 b5 20. Bxg7 Kxg7 21. Rc1 a5 22. Nf4 Rc3 23. Rd3 Rcc8 24. Ne2 Rc5 25. Kb2 a4 26. a3 Rb8 27. Nc3 axb3 28. cxb3 b4 29. axb4 Rxb4 30. Nd5 Bxd5 31. exd5 Rxc1 32. Kxc1 Kf6 33. Kc2 e6 34. Kc3 Rb5 35. dxe6 Kxe6 36. b4 d5 37. Kb3 Rb8 38. Ka4 Ra8+ 39. Kb3 Rb8 40. Rc3 Kd6 41. Rc2 Kd7 42. Rc5 Kd6 43. Rc2 Kd7 1/2-1/2

[Event "Nicolo La Rosa op 18th"]
[Site "Mazara del Vallo"]
[Date "2010.08.18"]
[Round "2"]
[White "Pandolfo, Sergio"]
[Black "Messina, Damiano"]
[Result "0-1"]
[WhiteElo "1649"]
[BlackElo "2001"]
[PlyCount "44"]
[EventDate "2010.08.18"]
[EventType "swiss"]
[EventRounds "9"]
[EventCountry "ITA"]
[SourceTitle "EXT 2024"]
[Source "ChessBase"]
[SourceDate "2023.10.10"]
[SourceVersion "1"]
[SourceVersionDate "2023.10.10"]
[SourceQuality "1"]

1. Nf3 d5 2. d4 Nf6 3. e3 c6 4. c3 Nbd7 5. Nbd2 Qc7 6. Bd3 e5 7. dxe5 Nxe5 8. Nxe5 Qxe5 9. Nf3 Qh5 10. b3 Bd6 11. Bb2 Bg4 12. Be2 0-0-0 13. Nd4 Bxe2 14. Qxe2 Qg6 15. 0-0-0 Rhe8 16. c4 Kb8 17. Nxc6+ bxc6 18. cxd5 Rc8 19. Bc3 Ba3+ 20. Kd2 Ne4+ 21. Ke1 Nxc3 22. Qa6 Qc2 0-1

[Event "Erice op 1st"]
[Site "Erice"]
[Date "2010.07.31"]
[Round "4"]
[White "Messina, Damiano"]
[Black "Agnello, Francesco Claudio"]
[Result "1-0"]
[WhiteElo "2001"]
[BlackElo "1470"]
[PlyCount "53"]
[EventDate "2010.07.28"]
[EventType "swiss"]
[EventRounds "7"]
[EventCountry "ITA"]
[SourceTitle "EXT 2024"]
[Source "ChessBase"]
[SourceDate "2023.10.10"]
[SourceVersion "1"]
[SourceVersionDate "2023.10.10"]
[SourceQuality "1"]

1. e4 c5 2. Nf3 d6 3. d4 cxd4 4. Nxd4 Nf6 5. Nc3 a6 6. Bc4 e6 7. Bb3 Be7 8. Be3 0-0 9. f3 Bd7 10. Qd2 Nc6 11. 0-0-0 b5 12. g4 b4 13. Na4 Nxd4 14. Bxd4 Bxa4 15. Bxa4 Ne8 16. Be3 Rc8 17. Kb1 Qa5 18. Bb3 Nc7 19. a3 Rb8 20. Qe1 d5 21. e5 Rfc8 22. a4 Bc5 23. f4 Na8 24. f5 Bxe3 25. Qxe3 Nb6 26. f6 g6 27. Qh6 1-0

[Event "Erice op 1st"]
[Site "Erice"]
[Date "2010.07.30"]
[Round "3"]
[White "Marholev, Dimitar"]
[Black "Messina, Damiano"]
[Result "1-0"]
[WhiteElo "2428"]
[BlackElo "2001"]
[PlyCount "91"]
[EventDate "2010.07.28"]
[EventType "swiss"]
[EventRounds "7"]
[EventCountry "ITA"]
[SourceTitle "EXT 2024"]
[Source "ChessBase"]
[SourceDate "2023.10.10"]
[SourceVersion "1"]
[SourceVersionDate "2023.10.10"]
[SourceQuality "1"]

1. e4 c6 2. d4 d5 3. Nc3 dxe4 4. Nxe4 Bf5 5. Nc5 Qb6 6. Nf3 e6 7. Nd3 Nf6 8. Be2 Be7 9. 0-0 Nbd7 10. a4 a5 11. c4 c5 12. Be3 Ng4 13. Nxc5 Nxc5 14. dxc5 Nxe3 15. cxb6 Nxd1 16. Rfxd1 Bc5 17. Nd4 Bxb6 18. Nxf5 exf5 19. Bf3 Rc8 20. Re1+ Kf8 21. b3 Rc7 22. Rad1 g6 23. Re5 Bc5 24. Bxb7 Kg7 25. Bf3 Rb8 26. Rd3 Kf6 27. Re2 h6 28. g3 Rb6 29. Re8 Re6 30. Ra8 Bb4 31. Kg2 Be1 32. Rd1 Bb4 33. Rb8 g5 34. h3 Re5 35. Rb6+ Kg7 36. Rb5 f6 37. Bh5 Rce7 38. Rd8 Rxb5 39. axb5 Rc7 40. Bf3 Bc5 41. Bd5 Kg6 42. Ra8 Ra7 43. Rc8 Bd4 44. c5 Rd7 45. Bc4 Re7 46. b6 1-0

[Event "Erice op 1st"]
[Site "Erice"]
[Date "2010.07.29"]
[Round "2"]
[White "Messina, Damiano"]
[Black "Lo Pinto, Giovanni"]
[Result "1/2-1/2"]
[WhiteElo "2001"]
[BlackElo "1929"]
[PlyCount "54"]
[EventDate "2010.07.28"]
[EventType "swiss"]
[EventRounds "7"]
[EventCountry "ITA"]
[SourceTitle "EXT 2024"]
[Source "ChessBase"]
[SourceDate "2023.10.10"]
[SourceVersion "1"]
[SourceVersionDate "2023.10.10"]
[SourceQuality "1"]

1. e4 e6 2. d4 d5 3. Nd2 Be7 4. Bd3 dxe4 5. Nxe4 Nf6 6. Nf3 Nbd7 7. Qe2 Nxe4 8. Bxe4 c6 9. c3 Nf6 10. Bc2 Qb6 11. 0-0 Bd7 12. a4 c5 13. Re1 Bc6 14. Ne5 cxd4 15. Nxf7 0-0 16. Ng5 dxc3 17. Qxe6+ Kh8 18. Be3 Bc5 19. a5 Qb4 20. bxc3 Qxc3 21. Bb3 Bxe3 22. fxe3 Rae8 23. Nf7+ Rxf7 24. Qxf7 Qd2 25. e4 Qd4+ 26. Kh1 Bxe4 27. Rad1 Bxg2+ 1/2-1/2

[Event "Nicolo La Rosa op 17th"]
[Site "Mazara del Vallo"]
[Date "2009.08.09"]
[Round "5"]
[White "Messina, Damiano"]
[Black "Di Misa, Salvatore"]
[Result "1/2-1/2"]
[WhiteElo "1991"]
[BlackElo "1851"]
[PlyCount "58"]
[EventDate "2009.08.07"]
[EventType "swiss"]
[EventRounds "6"]
[EventCountry "ITA"]
[SourceTitle "EXT 2011"]
[Source "ChessBase"]
[SourceDate "2010.11.26"]
[SourceVersion "1"]
[SourceVersionDate "2010.11.26"]
[SourceQuality "1"]

1. e4 c5 2. Nf3 Nc6 3. d4 cxd4 4. Nxd4 Nf6 5. Nc3 e5 6. Nb3 Bb4 7. Bd3 d5 8. exd5 Qxd5 9. 0-0 Bxc3 10. bxc3 0-0 11. Bg5 Bg4 12. f3 Be6 13. Qe1 e4 14. Bxf6 exd3 15. Qg3 g6 16. Qh4 Qf5 17. cxd3 Rfe8 18. g4 Qf4 19. Bg5 Qd6 20. d4 Bd5 21. Rae1 b5 22. Nc5 b4 23. Bd2 bxc3 24. Bxc3 Rxe1 25. Qxe1 Qf4 26. Nd3 Qd6 27. Nc5 Qf4 28. Nd3 Qd6 29. Nc5 Qf4 1/2-1/2

[Event "Nicolo La Rosa op 17th"]
[Site "Mazara del Vallo"]
[Date "2009.08.08"]
[Round "3"]
[White "Messina, Damiano"]
[Black "Bocci, Alessandro"]
[Result "1/2-1/2"]
[WhiteElo "1991"]
[BlackElo "1919"]
[PlyCount "39"]
[EventDate "2009.08.07"]
[EventType "swiss"]
[EventRounds "6"]
[EventCountry "ITA"]
[SourceTitle "EXT 2011"]
[Source "ChessBase"]
[SourceDate "2010.11.26"]
[SourceVersion "1"]
[SourceVersionDate "2010.11.26"]
[SourceQuality "1"]

1. e4 c5 2. Nf3 Nc6 3. d4 cxd4 4. Nxd4 Qc7 5. Nc3 e6 6. Nb3 a6 7. Bd3 Nf6 8. Be3 Bb4 9. 0-0 0-0 10. f4 b5 11. Qf3 Bxc3 12. bxc3 e5 13. f5 Ne7 14. Bg5 Qb6+ 15. Kh1 Bb7 16. Be3 Qc7 17. Bg5 Qb6 18. Be3 Qc7 19. Bg5 Qb6 20. Be3 1/2-1/2